Welcome to University of Cape Coast Library, Online Public Access Catalogue (OPAC)

Catholic relief service provides water for Nakpanduri (Record no. 45948)

MARC details
000 -LEADER
fixed length control field 00333 a2200109 4500
100 ## - MAIN ENTRY--AUTHOR NAME
Personal name FUGU, Mohammed
245 ## - TITLE STATEMENT
Title Catholic relief service provides water for Nakpanduri
300 ## - PHYSICAL DESCRIPTION
Number of Pages Thursday, September 7, 2023 Pages 48
650 ## - SUBJECT ADDED ENTRY--TOPICAL TERM
Topical Term Health
773 0# - HOST ITEM ENTRY
Title Daily Graphic
Place, publisher, and date of publication Accra Daily Graphic 2023
International Standard Serial Number 0855-1529
942 ## - ADDED ENTRY ELEMENTS (KOHA)
Koha item type Periodicals
Holdings
Not for loan Collection code Home library Current library Shelving location Date acquired Copy number Koha item type
Not For Loan Periodical Library Periodicals Library Periodicals Library Third Floor East Wing Sam Jonah Library 09/14/2023 1 Periodicals
Koha©2022 UCC.All Right Reserved.Site Developed by Sam Jonah Library IT Team
<Home | Contact | Library publications |Research Tools | Research Guides |https://ucclivechat.library-gh.net/index.php/chat

If you have questions or concern please contact the Library.



PMB, University of Cape Coast

KOHA HOME